• 首页
  • 本馆介绍
  • 公告通知
  • 最新文献
  • 馆藏检索
  • 电子资源
  • 读者导购
  • 参考咨询
  • 我的图书馆
  • 登录
  • 详细信息显示
  • 放入我的书架
  • 预约/预借图书
  • 作者相关作品
  • 分类相关作品
  • 丛书相关作品
  • 出版社相关作品

书目信息

  • 表格格式
  • 工作单格式
  • 卡片格式
题名:
学前儿童玩教具设计与制作
    
 
作者: 杨三军 , 苏春 主编
分册:  
出版信息: 北京   教育科学出版社  2014.07
页数: 180页
开本: 28cm
丛书名:
单 册:
中图分类: G614
科图分类:
主题词: 学前教育--xue qian jiao yu--玩具--制作--师范教育--教材 , 学前教育--xue qian jiao yu--教具--制作--师范教育--教材
电子资源:
ISBN: 978-7-5041-8776-5
000 01039nam0 2200265 450
001 0105143334
005 20201105143351.0
010    @a978-7-5041-8776-5@dCNY45.00
100    @a20151019e20172014em y0chiy50 ea
101 0  @achi
102    @aCN@b110000
105    @aa z 000yy
106    @ar
200 1  @a学前儿童玩教具设计与制作@Axue qian er tong wan jiao ju she ji yu zhi zuo@f杨三军, 苏春主编
210    @a北京@c教育科学出版社@d2014.07@h2017.05
215    @a180页@c彩图@d28cm
300    @a“十二五”全国学前教育专业问题导向式教学(PBL)规划教材
330    @a本教材共8章,根据制作材料的特征介绍了纸工艺玩教具、布艺材料玩教具、泥材料玩教具、自然材料的综合利用与再生材料的综合制作手工制作在环境创设中等的时实践运用。
606 0  @a学前教育@Axue qian jiao yu@x玩具@x制作@x师范教育@j教材
606 0  @a学前教育@Axue qian jiao yu@x教具@x制作@x师范教育@j教材
690    @aG614@v5
701  0 @a杨三军@Ayang san jun@f(1970~)@4主编
701  0 @a苏春@Asu chun@4主编
801  0 @aCN@bBJSZM@c20201105
905    @b1263011-2@dG614@e1354@f2
    
    学前儿童玩教具设计与制作/杨三军, 苏春主编.-北京:教育科学出版社,2014.07(2017.05)
    180页:彩图;28cm
    “十二五”全国学前教育专业问题导向式教学(PBL)规划教材
    
    ISBN 978-7-5041-8776-5:CNY45.00
    本教材共8章,根据制作材料的特征介绍了纸工艺玩教具、布艺材料玩教具、泥材料玩教具、自然材料的综合利用与再生材料的综合制作手工制作在环境创设中等的时实践运用。
●
相关链接 在E读中查询图书 在五车中查询图书 在当当中查询图书 在豆瓣中查询图书


正题名:学前儿童玩教具设计与制作     索取号:G614/1354         预约/预借

序号 登录号 条形码 馆藏地/架位号 状态 备注
1 1263011   212630116   第一样本阅览室/ [索取号:G614/1354] 在馆    
2 1263012   212630125   第四借阅区/ [索取号:G614/1354] 在馆    
唐山师范学院图书馆 欢迎您!
大连网信软件有限公司© 版权所有